000 00730nam a22002417a 4500
999 _c7289
_d7289
003 AR-CdUCM
008 190320b ||||| |||| 00| 0 spa d
040 _aMUNICIPALIDAD PROVINCIAL DEL CUSCO
_cBIBLIOTECA MUNICIPAL DEL CUSCO
041 _hger
082 _a838.9 /
_bK59
100 _aKlaber, Kurt
_920551
245 _aPasajeros de 3a :
_bla novela proletaria /
260 _aMadrid :
_bCenit,
_c1931.
300 _a269 páginas ;
_c19 cm.
500 _aDonación de la familia Nieto.
650 _aNovela
_95
650 _aNovela alemana
_99412
650 _aSiglo XX
_98
700 _aNeumann, Guillermo (Traductor)
_920552
700 _aCaubin, Henriquéz J. (Traductor)
_920553
942 _2ddc
_cLIBROS
945 _araen